00000000nam##2200000za#4500
0019.663524
003CaOODSP
00520210615121058
007ta
008150407|2002||||xxc|||||     f|0| 0 fre|d
020 |a0-662-66359-4
040 |aCaOODSP|bfre
041 |aeng
041 |afre
043 |an-cn---
0861 |aCH44-29/2002
1101 |aCanada. |bPatrimoine canadien.
24513|aLe contenu canadien au 21e siècle
260 |aOttawa - Ontario : |bPatrimoine canadien |c2002.
300 |aTexte français, 30p. : |bgraphiques ; |c28 cm.
546 |aBilingue
563 |aReliure à spirale
590 |a02-17|b2002-04-26
69107|aIndustrie cinématographique|2gcpds
69107|aTélévision|2gcpds
69107|aPolitique culturelle|2gcpds
7760#|tLe contenu canadien au 21e siècle : |w(CaOODSP)9.639892
7760#|tCanadian content in the 21st century : |w(CaOODSP)9.695770
791 |tCanadian content in the 21st Century |eeng|w(CaOODSP)9.663523